|
|
|
|
| LEADER |
01426nam a2200325 a 4500 |
| 001 |
GR-Patra25190 |
| 008 |
080416s2004 enk g b 001 0 eng d |
| 020 |
|
|
|a 9781861529640
|
| 040 |
|
|
|a GrPaTEI
|b gre
|c GR-PaULI
|
| 040 |
|
|
|a GrPaTEI
|b gre
|c GR-PaULI
|
| 082 |
|
0 |
|a 658.4012
|2 22
|
| 100 |
1 |
|
|a Wit, Bob de.
|
| 245 |
1 |
0 |
|a Strategy :
|b process, content, context: an international perspective /
|c Bob De Wit, Ron Meyer.
|
| 250 |
|
|
|a 3rd ed.
|
| 260 |
|
|
|a London :
|b Thomson,
|c c2004
|
| 300 |
|
|
|a xxiv, 957 σ. :
|b πίν.
|
| 504 |
|
|
|a Περιλαμβάνει βιβλιογραφίες και ευρετήριο.
|
| 610 |
2 |
4 |
|a Παράρτημα Αμαλιάδος.
|b Τμήμα Εφαρμογών Πληροφορικής στη Διοίκηση και την Οικονομία
|
| 650 |
|
0 |
|a Business planning
|
| 650 |
|
0 |
|a International business enterprises
|
| 650 |
|
0 |
|a Strategic planning
|
| 650 |
|
4 |
|a Διεθνείς εμπορικές επιχειρήσεις
|
| 650 |
|
4 |
|a Επιχειρηματικός σχεδιασμός
|
| 650 |
|
4 |
|a Στρατηγικός σχεδιασμός
|
| 700 |
1 |
|
|a Meyer, Ron
|
| 710 |
0 |
|
|a Thomson
|
| 942 |
|
|
|2 ddc
|
| 952 |
|
|
|0 0
|1 0
|2 ddc
|4 0
|6 658_401200000000000_WIT
|7 1
|9 306755
|a LISK
|b LISK
|c BSC
|d 2021-01-17
|e 24
|f 0
|g 0.00
|l 0
|o 658.4012 WIT
|p 92410039008
|r 2021-01-17 00:00:00
|t 1
|w 2021-01-17
|y BKN
|x 20080416 0 0
|x GrPaTEI
|
| 971 |
|
|
|a .b26727626
|b 15-04-20
|c 26-09-16
|
| 999 |
|
|
|c 177190
|d 177190
|